000 00216 a2200097 4500
001 42002
100 _aBeaton, L
245 _aThe Spread of Nuclear Weapons
260 _a
_bChatto & Windus
_c
090 _c26044
_d26044
942 _aNUST-CAE
_cM
_c17830
999 _c277075
_d277075